[Event "Torneo Internazionale"]
[Site "Nuoro ITA"]
[Date "1984.12.??"]
[Round "1"]
[White "Arlandi, Ennio"]
[Black "Martinovic, Slobodan"]
[WhiteElo "2325"]
[BlackElo "2415"]
[Result "1/2-1/2"]
[PlyCount "89"]
[EventDate "1984.12.14"]

1. d4 Nf6 2. c4 g6 3. Nc3 Bg7 4. e4 d6 5. Nf3 O-O 6. Be3 c6 7. Be2 a6 8. a4 a5
9. O-O Na6 10. Ne1 e5 11. Nd3 Ng4 12. d5 Nxe3 13. fxe3 Qb6 14. Qd2 Nc5 15. Nxc5
Qxc5 16. Kh1 Qb6 17. Rad1 Rd8 18. Bd3 Bd7 19. Rf2 Qc5 20. Rdf1 Rf8 21. b3 h5
22. h3 f6 23. Rf3 Rf7 24. Bc2 Qb4 25. Rd1 Bf8 26. Ne2 Qxd2 27. Rxd2 Rd8 28. Nc3
Be7 29. Rf1 Bc8 30. Rb1 Kg7 31. Rbd1 f5 32. dxc6 bxc6 33. c5 Rf6 34. cxd6 Rfxd6
35. Rxd6 Rxd6 36. Rxd6 Bxd6 37. exf5 gxf5 38. e4 f4 39. Nd1 Bc5 40. Nb2 Kf6 41.
Nc4 Bb4 42. Bd1 h4 43. Kg1 Be6 44. Be2 Bc3 45. Bf3 1/2-1/2

[Event "Torneo Internazionale"]
[Site "Nuoro ITA"]
[Date "1984.12.??"]
[Round "1"]
[White "Lanzani, Mario"]
[Black "Johansen, Darryl Keith"]
[WhiteElo "2420"]
[BlackElo "2440"]
[Result "1/2-1/2"]
[PlyCount "90"]
[EventDate "1984.12.14"]

1. d4 Nf6 2. c4 d6 3. Nf3 c6 4. Nc3 Nbd7 5. g3 e5 6. Qc2 Be7 7. Bg2 O-O 8. O-O
Re8 9. h3 Bf8 10. e4 a6 11. Be3 b5 12. cxb5 cxb5 13. d5 Nb6 14. Nd2 Bd7 15. a3
Qb8 16. b3 Rc8 17. Rfc1 Be7 18. Qd3 Be8 19. a4 bxa4 20. Rcb1 Qc7 21. Nxa4 Bb5
22. Bxb6 Bxd3 23. Bxc7 Rxc7 24. Rc1 Rac8 25. Rxc7 Rxc7 26. Nb6 Bb5 27. Bf1 g6
28. Bc4 Kg7 29. Kf1 h5 30. h4 Ng4 31. Ke2 f5 32. f3 Nf6 33. Bxb5 axb5 34. Ra5
fxe4 35. fxe4 Rc3 36. Rxb5 Rxg3 37. Nc8 Bf8 38. Rb7+ Kg8 39. b4 Bh6 40. Nc4
Nxe4 41. N8xd6 Nxd6 42. Nxd6 Re3+ 43. Kf2 e4 44. Ne8 Rf3+ 45. Kg2 Be3 1/2-1/2

[Event "Torneo Internazionale"]
[Site "Nuoro ITA"]
[Date "1984.12.??"]
[Round "1"]
[White "Toth, Bela"]
[Black "Klaric, Zlatko"]
[WhiteElo "2410"]
[BlackElo "2460"]
[Result "1/2-1/2"]
[PlyCount "130"]
[EventDate "1984.12.14"]

1. d4 Nf6 2. c4 c6 3. Nc3 d6 4. e4 Nbd7 5. Nf3 e5 6. Be2 Be7 7. O-O O-O 8. Be3
Ng4 9. Bd2 a6 10. Qc2 b5 11. a3 Nb6 12. cxb5 cxb5 13. h3 exd4 14. Nxd4 Ne5 15.
f4 Nec4 16. Nc6 Qc7 17. Nxe7+ Qxe7 18. Rad1 Bb7 19. Bc1 Rac8 20. Bf3 Rfd8 21.
Qf2 Nd7 22. Rfe1 Nc5 23. Nd5 Bxd5 24. Rxd5 Nb3 25. Be3 Re8 26. Bd4 Nxd4 27.
Rxd4 g6 28. Red1 Red8 29. g3 a5 30. Bg2 a4 31. Bf1 Re8 32. Bg2 Qf6 33. h4 h5
34. Bf3 Rc7 35. Bg2 Rce7 36. Qe2 Qg7 37. Qf2 f5 38. exf5 Re2 39. Qf3 gxf5 40.
Qxh5 Qxg3 41. Qg5+ Qxg5 42. fxg5 Kg7 43. Bf1 R2e4 44. h5 Nxb2 45. Rxe4 fxe4 46.
Rxd6 Re5 47. h6+ Kh7 48. Rd7+ Kh8 49. Rg7 Nd3 50. Be2 Nf4 51. Kf1 Ne6 52. Rb7
Rf5+ 53. Ke1 Nxg5 54. Rxb5 Nf3+ 55. Kd1 Rf4 56. Bxf3 exf3 57. Ke1 f2+ 58. Kf1
Rf3 59. Rb7 Rxa3 60. Kxf2 Rc3 61. Ra7 a3 62. Ke1 Rh3 63. Kd1 a2 64. Rxa2 Rh1+
65. Kc2 Rh2+ 1/2-1/2

[Event "Torneo Internazionale"]
[Site "Nuoro ITA"]
[Date "1984.12.??"]
[Round "2"]
[White "Klaric, Zlatko"]
[Black "Cocozza, Mario"]
[WhiteElo "2460"]
[BlackElo "2365"]
[Result "1-0"]
[PlyCount "73"]
[EventDate "1984.12.14"]

1. d4 Nf6 2. Nf3 g6 3. g3 Bg7 4. Bg2 O-O 5. O-O d6 6. b3 Nbd7 7. Bb2 c6 8. c4
Qc7 9. Nc3 Re8 10. e4 e5 11. d5 Nc5 12. Ne1 a5 13. Nd3 Na6 14. Rc1 Qe7 15. Na4
c5 16. a3 Rb8 17. Bc3 b5 18. cxb5 Rxb5 19. Nab2 h5 20. a4 Rb8 21. Bxa5 Bh6 22.
Rb1 Bg4 23. Qc2 h4 24. Nc4 Kg7 25. Bc3 Nd7 26. h3 hxg3 27. fxg3 Nb6 28. Nxb6
Be3+ 29. Nf2 Rxb6 30. hxg4 Qg5 31. Qe2 Rh8 32. Rfe1 Bxf2+ 33. Qxf2 Qxg4 34. Rf1
Rb7 35. Qf6+ Kg8 36. Qd8+ Kg7 37. Qxd6 1-0

[Event "Torneo Internazionale"]
[Site "Nuoro ITA"]
[Date "1984.12.??"]
[Round "2"]
[White "Martinovic, Slobodan"]
[Black "Sanna, Gianlazzaro"]
[WhiteElo "2415"]
[BlackElo "2335"]
[Result "1-0"]
[PlyCount "49"]
[EventDate "1984.12.14"]

1. e4 c5 2. Nf3 d6 3. c3 Nf6 4. Bd3 Nc6 5. Bc2 g6 6. O-O Bg7 7. h3 O-O 8. d4
cxd4 9. cxd4 b5 10. Nc3 b4 11. Na4 a5 12. d5 Ne5 13. Nxe5 dxe5 14. Be3 Nd7 15.
Bd3 Re8 16. Rc1 Ba6 17. Bxa6 Rxa6 18. Qd3 Qa8 19. Rc7 Rd8 20. Rfc1 Bf8 21. f3
Rd6 22. Ra7 Qb8 23. Rcc7 e6 24. Rab7 Qa8 25. Qb5 1-0

[Event "Torneo Internazionale"]
[Site "Nuoro ITA"]
[Date "1984.12.??"]
[Round "3"]
[White "Cocozza, Mario"]
[Black "Martinovic, Slobodan"]
[WhiteElo "2365"]
[BlackElo "2415"]
[Result "0-1"]
[PlyCount "110"]
[EventDate "1984.12.14"]

1. e4 c5 2. Nf3 d6 3. d4 cxd4 4. Nxd4 Nf6 5. Nc3 Nc6 6. Be2 e6 7. O-O Be7 8.
Be3 O-O 9. f4 a6 10. Qe1 Qc7 11. Qg3 Kh8 12. Rae1 Bd7 13. Kh1 b5 14. a3 b4 15.
axb4 Nxb4 16. Bf3 e5 17. fxe5 dxe5 18. Bd1 Ne8 19. Nf5 Bc5 20. Bc1 f6 21. Rf3
Be6 22. Qh4 Nd6 23. Na4 Ba7 24. b3 a5 25. c3 Na6 26. Ba3 Nc5 27. b4 Ncxe4 28.
Nxd6 Nxd6 29. bxa5 Nf5 30. Qe4 Ne7 31. Bc2 Bg8 32. Rh3 h6 33. c4 Rae8 34. c5
Bb8 35. Bb2 Nc6 36. Nb6 f5 37. Qa4 Bh7 38. Nd5 Qb7 39. Rb3 Qd7 40. Nb6 Qd2 41.
Rbe3 Nb4 42. R1e2 f4 43. Re4 Qxc2 44. Rxc2 Bxe4 45. Qxb4 Bxc2 46. Nd7 f3 47.
gxf3 Rxf3 48. Bxe5 Bxe5 49. Nxe5 Rf5 50. Nd7 Be4+ 51. Kg1 Bc6 52. Nb8 Re6 53.
h3 Rg6+ 54. Qg4 Rxg4+ 55. hxg4 Rxc5 0-1

[Event "Torneo Internazionale"]
[Site "Nuoro ITA"]
[Date "1984.12.??"]
[Round "3"]
[White "Lanzani, Mario"]
[Black "Klaric, Zlatko"]
[WhiteElo "2420"]
[BlackElo "2460"]
[Result "0-1"]
[PlyCount "80"]
[EventDate "1984.12.14"]

1. d4 d5 2. Nf3 Bf5 3. c4 e6 4. cxd5 exd5 5. Nc3 Nf6 6. Bf4 Bd6 7. Be5 Nbd7 8.
Bxd6 cxd6 9. e3 O-O 10. Qb3 Nb6 11. Be2 Ne4 12. Rc1 Rc8 13. O-O Nxc3 14. Rxc3
Rxc3 15. Qxc3 Qd7 16. Qa5 Qa4 17. Qxa4 Nxa4 18. Nh4 Bd7 19. Rb1 g5 20. Nf3 Bf5
21. Rc1 g4 22. Nh4 Rc8 23. Rxc8+ Bxc8 24. f3 h5 25. fxg4 hxg4 26. Kf2 Nxb2 27.
Kg3 a5 28. Bxg4 Be6 29. Bxe6 fxe6 30. Kf4 a4 31. Kg5 b5 32. Nf3 b4 33. Nd2 Kg7
34. Nb1 Nd1 35. a3 bxa3 36. Nxa3 Nxe3 37. g4 e5 38. dxe5 dxe5 39. h4 d4 40. h5
d3 0-1

[Event "Torneo Internazionale"]
[Site "Nuoro ITA"]
[Date "1984.12.??"]
[Round "3"]
[White "Rogers, Ian"]
[Black "Toth, Bela"]
[WhiteElo "2475"]
[BlackElo "2410"]
[Result "1-0"]
[PlyCount "81"]
[EventDate "1984.12.14"]

1. e4 e5 2. Bc4 Nf6 3. d3 Bc5 4. Nc3 Nc6 5. Bg5 h6 6. Bh4 Na5 7. Bb3 Nxb3 8.
axb3 Be7 9. d4 d6 10. dxe5 dxe5 11. Qxd8+ Bxd8 12. Nf3 Nd7 13. Bxd8 Kxd8 14. b4
f6 15. O-O Nb6 16. Rfd1+ Bd7 17. Nd2 c6 18. Nb3 Kc7 19. Nc5 Rhd8 20. Kf1 Bc8
21. Rxd8 Kxd8 22. b5 Ke7 23. bxc6 bxc6 24. b3 Bd7 25. Ra5 Nc8 26. N3a4 Rb8 27.
c4 Be8 28. Ke1 g5 29. Kd2 h5 30. Kc3 h4 31. b4 Bg6 32. h3 Be8 33. Ra6 Ra8 34.
Nb7 Rb8 35. Na5 Kd6 36. b5 Kc7 37. Nxc6 Ra8 38. f3 Bf7 39. c5 Kd7 40. Kb4 Be6
41. Nb6+ 1-0

[Event "Torneo Internazionale"]
[Site "Nuoro ITA"]
[Date "1984.12.??"]
[Round "3"]
[White "Sanna, Gianlazzaro"]
[Black "Ivkov, Borislav"]
[WhiteElo "2335"]
[BlackElo "2475"]
[Result "1-0"]
[PlyCount "77"]
[EventDate "1984.12.14"]

1. d4 Nf6 2. c4 e6 3. Nc3 Bb4 4. Qc2 d5 5. cxd5 exd5 6. Bg5 Nbd7 7. a3 Be7 8.
b4 a6 9. e3 Nf8 10. Nf3 Ne6 11. Bh4 g6 12. Bd3 Ng7 13. O-O O-O 14. Rab1 Nf5 15.
Bg5 Be6 16. a4 Nd6 17. Rfc1 Re8 18. b5 a5 19. Ne5 Rc8 20. Ne2 Nde4 21. Bf4 Nh5
22. f3 Nd6 23. Qc3 f6 24. Ng4 Nc4 25. Bxc4 Bb4 26. Qc2 dxc4 27. Rd1 Qd7 28.
Nh6+ Kg7 29. d5 Bf7 30. Nxf7 Qxf7 31. Qxc4 g5 32. Bg3 Rxe3 33. Nd4 Kh8 34. Rbc1
b6 35. Bf2 Ree8 36. Ne6 Bd6 37. Bxb6 Nf4 38. Bxa5 Nxe6 39. dxe6 $138 1-0

[Event "Torneo Internazionale"]
[Site "Nuoro ITA"]
[Date "1984.12.??"]
[Round "4"]
[White "Johansen, Darryl Keith"]
[Black "Sanna, Gianlazzaro"]
[WhiteElo "2440"]
[BlackElo "2335"]
[Result "1/2-1/2"]
[PlyCount "93"]
[EventDate "1984.12.14"]

1. b3 e5 2. Bb2 Nc6 3. c4 Nf6 4. e3 d5 5. cxd5 Nxd5 6. a3 Be7 7. Qc2 O-O 8. Nf3
Bf6 9. d3 a5 10. Be2 Re8 11. Nbd2 g6 12. O-O Nb6 13. Rfd1 Bg7 14. Ne4 Qe7 15.
Rac1 h6 16. Nc5 Nd7 17. Na4 Nb6 18. Nd2 Nxa4 19. bxa4 Bd7 20. Bf3 Nd8 21. Bd5
Bc6 22. Bxc6 Nxc6 23. Qb3 Nd8 24. Nc4 b6 25. Qb5 Nb7 26. g3 Rad8 27. Qc6 Nc5
28. Bxe5 Bxe5 29. d4 Nb3 30. Nxe5 Nxc1 31. Rxc1 Rc8 32. h4 Qd6 33. h5 Qxc6 34.
Rxc6 gxh5 35. Rxh6 c5 36. Rxb6 c4 37. Rb2 Re7 38. Rc2 Rec7 39. d5 Rc5 40. Nd7
R5c7 41. Ne5 Rc5 42. e4 f5 43. Nd7 fxe4 44. Nxc5 Rxc5 45. Kf1 Kf7 46. Ke2 c3
47. f3 1/2-1/2

[Event "Torneo Internazionale"]
[Site "Nuoro ITA"]
[Date "1984.12.??"]
[Round "4"]
[White "Lanzani, Mario"]
[Black "Rogers, Ian"]
[WhiteElo "2420"]
[BlackElo "2475"]
[Result "0-1"]
[PlyCount "42"]
[EventDate "1984.12.14"]

1. d4 Nf6 2. c4 e5 3. dxe5 Ng4 4. Bf4 Nc6 5. Nf3 Bb4+ 6. Nc3 Bxc3+ 7. bxc3 Qe7
8. Qd5 f6 9. exf6 Nxf6 10. Qd1 d6 11. e3 O-O 12. Be2 Ne4 13. Rc1 Kh8 14. O-O g5
15. Bg3 h5 16. Bd3 Nc5 17. h4 Rxf3 18. gxf3 gxh4 19. Bh2 Bh3 20. Kh1 Rg8 21.
Rg1 Rxg1+ 0-1

[Event "Torneo Internazionale"]
[Site "Nuoro ITA"]
[Date "1984.12.??"]
[Round "4"]
[White "Toth, Bela"]
[Black "Arlandi, Ennio"]
[WhiteElo "2410"]
[BlackElo "2325"]
[Result "1/2-1/2"]
[PlyCount "23"]
[EventDate "1984.12.14"]

1. d4 Nf6 2. g3 e6 3. Nf3 b6 4. Bg2 Bb7 5. O-O Be7 6. c4 O-O 7. Nc3 Ne4 8. Qc2
Nxc3 9. Qxc3 c5 10. b3 d6 11. Bb2 Bf6 12. Qd2 1/2-1/2

[Event "Torneo Internazionale"]
[Site "Nuoro ITA"]
[Date "1984.12.??"]
[Round "5"]
[White "Cocozza, Mario"]
[Black "Johansen, Darryl Keith"]
[WhiteElo "2365"]
[BlackElo "2440"]
[Result "0-1"]
[PlyCount "82"]
[EventDate "1984.12.14"]

1. e4 e6 2. d4 d5 3. Nd2 Nc6 4. Ngf3 Nf6 5. e5 Nd7 6. Nb3 Be7 7. h4 h6 8. Bf4
a5 9. a4 b6 10. Nc1 Bb7 11. c3 Qc8 12. h5 Ba6 13. Nd3 Nd8 14. g4 c5 15. Bg2 Nb8
16. Be3 Nb7 17. g5 hxg5 18. Bxg5 Nc6 19. Bxe7 Nxe7 20. Qd2 Qd7 21. Nf4 Nc6 22.
h6 Rxh6 23. Rxh6 gxh6 24. Nh5 O-O-O 25. Nf6 Qe7 26. Qxh6 Kb8 27. Bf1 Bxf1 28.
Kxf1 cxd4 29. cxd4 Qb4 30. Qe3 Qxb2 31. Rc1 Rc8 32. Kg2 Qb4 33. Rh1 Qxa4 34.
Rh7 Ncd8 35. Ng5 Qc2 36. Qf4 a4 37. Kh2 a3 38. Nxd5 exd5 39. e6+ Qc7 40. Qxc7+
Rxc7 41. Nxf7 Nxe6 0-1

[Event "Torneo Internazionale"]
[Site "Nuoro ITA"]
[Date "1984.12.??"]
[Round "5"]
[White "Rogers, Ian"]
[Black "Klaric, Zlatko"]
[WhiteElo "2475"]
[BlackElo "2460"]
[Result "1-0"]
[PlyCount "45"]
[EventDate "1984.12.14"]

1. d4 d5 2. c4 c6 3. Nf3 Nf6 4. Nc3 dxc4 5. e4 b5 6. e5 Nd5 7. a4 f5 8. axb5
Nxc3 9. bxc3 cxb5 10. Ng5 e6 11. g4 a6 12. Bg2 Ra7 13. gxf5 exf5 14. d5 Re7 15.
f4 g6 16. d6 Rg7 17. Qd5 Qd7 18. Qa8 Qa7 19. Bc6+ Kd8 20. Qxa7 Rxa7 21. Bxb5 h6
22. Be3 Rb7 23. Bb6+ 1-0

[Event "Torneo Internazionale"]
[Site "Nuoro ITA"]
[Date "1984.12.??"]
[Round "6"]
[White "Johansen, Darryl Keith"]
[Black "Martinovic, Slobodan"]
[WhiteElo "2440"]
[BlackElo "2415"]
[Result "1/2-1/2"]
[PlyCount "90"]
[EventDate "1984.12.14"]

1. d4 Nf6 2. Nf3 g6 3. Bf4 Bg7 4. e3 O-O 5. Be2 c5 6. c3 b6 7. h3 Bb7 8. O-O d6
9. a4 a6 10. Bh2 Nbd7 11. Nbd2 Ra7 12. Bd3 Qa8 13. Re1 Ne4 14. Bf1 Nxd2 15.
Nxd2 Bc6 16. Nb3 Re8 17. c4 cxd4 18. Nxd4 a5 19. b3 Rc7 20. Ra2 Be5 21. Rd2
Bxh2+ 22. Kxh2 Bb7 23. Nb5 Rc5 24. f3 Nf6 25. e4 Qc8 26. g3 Rh5 27. Nc3 Qc5 28.
Nd5 Bxd5 29. exd5 Re5 30. Rxe5 dxe5 31. Qe2 Qb4 32. Rd3 Nd7 33. Re3 f6 34. h4
Nc5 35. Qc2 e6 36. h5 Kg7 37. Bd3 Nxb3 38. Bxg6 Nd4 39. Qd3 Rh8 40. Bxh7 f5 41.
Bg6 Qb2+ 42. Kh1 Qc1+ 43. Kh2 Qb2+ 44. Kh1 Qc1+ 45. Kh2 Qb2+ 1/2-1/2

[Event "Torneo Internazionale"]
[Site "Nuoro ITA"]
[Date "1984.12.??"]
[Round "6"]
[White "Toth, Bela"]
[Black "Cocozza, Mario"]
[WhiteElo "2410"]
[BlackElo "2365"]
[Result "1-0"]
[PlyCount "89"]
[EventDate "1984.12.14"]

1. d4 Nf6 2. c4 g6 3. Nc3 d5 4. Nf3 Bg7 5. Bg5 Ne4 6. cxd5 Nxg5 7. Nxg5 e6 8.
Nf3 exd5 9. e3 O-O 10. b4 c6 11. Be2 Be6 12. O-O Nd7 13. a4 Qe7 14. Qb3 a6 15.
Rac1 f5 16. Rfe1 g5 17. Bd3 g4 18. Nd2 Nf6 19. Ne2 Ne4 20. Nf1 Qh4 21. Bxe4
fxe4 22. Nf4 Rxf4 23. g3 Qh3 24. exf4 Re8 25. Red1 Bd7 26. b5 axb5 27. axb5 Qh6
28. bxc6 bxc6 29. Ra1 Qd6 30. Ra7 Re7 31. Ne3 h5 32. Qb6 Bf8 33. Qd8 Rh7 34.
Rb1 Be8 35. Qxd6 Bxd6 36. Rxh7 Kxh7 37. Nf5 Ba3 38. Rb3 Bc1 39. Rb8 Bf7 40. Rc8
Bb2 41. Rxc6 Bg6 42. Rc7+ Kh8 43. Nh4 Bh7 44. Rd7 Bxd4 45. Rxd5 1-0

[Event "Torneo Internazionale"]
[Site "Nuoro ITA"]
[Date "1984.12.??"]
[Round "7"]
[White "Arlandi, Ennio"]
[Black "Klaric, Zlatko"]
[WhiteElo "2325"]
[BlackElo "2460"]
[Result "1-0"]
[PlyCount "151"]
[EventDate "1984.12.14"]

1. d4 Nf6 2. c4 e5 3. dxe5 Ng4 4. Bf4 Nc6 5. Nf3 Bb4+ 6. Nbd2 Qe7 7. a3 Ngxe5
8. Nxe5 Nxe5 9. e3 Bxd2+ 10. Qxd2 d6 11. Be2 O-O 12. O-O b6 13. Qc3 Ng6 14. Bg3
Bb7 15. Rfd1 f5 16. Bf1 h5 17. h3 Qg5 18. c5 dxc5 19. Rd7 Rf6 20. h4 Qh6 21.
Rxc7 Bc6 22. Rd1 Kh8 23. Qc4 a6 24. b4 Re8 25. bxc5 b5 26. Qa2 f4 27. exf4 Nxf4
28. Rd6 Be4 29. Rxf6 Qxf6 30. Rf7 Qe6 31. Qxe6 Nxe6 32. Bd6 Rc8 33. Re7 Bf5 34.
a4 Nd4 35. axb5 axb5 36. Rb7 Be4 37. Rb6 Bc6 38. Be5 Ne6 39. Bd6 Nd4 40. Bf4
Ne6 41. Be3 Kg8 42. Bxb5 Bxb5 43. Rxb5 Kf7 44. Kf1 g6 45. Ke2 Rd8 46. Rb4 Kf6
47. Rc4 Ke5 48. Rc3 Ra8 49. Kd2 Rc8 50. Kc2 Kd5 51. Kb3 Rb8+ 52. Ka4 Ra8+ 53.
Kb3 Rb8+ 54. Kc2 Rc8 55. Kd3 Rc6 56. Ke2 Rc8 57. Rc1 Ra8 58. Rb1 Ra2+ 59. Kf3
Rc2 60. g3 Ra2 61. Rb8 Ra6 62. Rg8 Rc6 63. Ra8 Nd4+ 64. Bxd4 Kxd4 65. Kf4 Rxc5
66. Rd8+ Kc4 67. Rd6 Rf5+ 68. Ke4 Rxf2 69. Rc6+ Kb4 70. Rxg6 Rf8 71. Rg5 Rh8
72. Kf5 Rh6 73. Rg8 Rd6 74. Kg5 Rd5+ 75. Kh6 Kc3 76. Rg5 1-0

[Event "Torneo Internazionale"]
[Site "Nuoro ITA"]
[Date "1984.12.??"]
[Round "7"]
[White "Ivkov, Borislav"]
[Black "Johansen, Darryl Keith"]
[WhiteElo "2475"]
[BlackElo "2440"]
[Result "1-0"]
[PlyCount "77"]
[EventDate "1984.12.14"]

1. d4 Nf6 2. c4 e6 3. Nf3 c5 4. e3 b6 5. Bd3 Bb7 6. O-O Be7 7. Nc3 d5 8. cxd5
exd5 9. b3 O-O 10. Bb2 Na6 11. Rc1 Nc7 12. dxc5 bxc5 13. Na4 Ne6 14. Bxf6 Bxf6
15. Nxc5 Qe7 16. Nxb7 Qxb7 17. Qc2 g6 18. Qc6 Qxc6 19. Rxc6 Rfd8 20. Rfc1 a5
21. g3 Kg7 22. h4 h5 23. Bf1 Bb2 24. R1c2 Ba3 25. Bh3 Re8 26. Rb6 Ra7 27. Bxe6
Rxe6 28. Rb5 Rd6 29. Nd4 a4 30. b4 Rdd7 31. Rcc5 Rac7 32. Kf1 Bb2 33. Ke2 Rxc5
34. bxc5 a3 35. c6 Rc7 36. Rc5 Bxd4 37. exd4 Kf6 38. Kd3 Ke6 39. Kc3 1-0

[Event "Torneo Internazionale"]
[Site "Nuoro ITA"]
[Date "1984.12.??"]
[Round "8"]
[White "Arlandi, Ennio"]
[Black "Sanna, Gianlazzaro"]
[WhiteElo "2325"]
[BlackElo "2335"]
[Result "1-0"]
[PlyCount "47"]
[EventDate "1984.12.14"]

1. d4 d5 2. c4 e6 3. Nc3 Nf6 4. Nf3 Be7 5. Bg5 O-O 6. e3 Nbd7 7. Qc2 c5 8.
O-O-O Qa5 9. Kb1 dxc4 10. Bxc4 h6 11. Bxf6 Nxf6 12. Ne5 cxd4 13. exd4 Bd7 14.
d5 Be8 15. Rhe1 exd5 16. Nxd5 Nxd5 17. Bxd5 Bf6 18. Ng4 Qb6 19. Qb3 Bd4 20.
Qxb6 Bxb6 21. Bxb7 Rb8 22. Bd5 Bd7 23. Ne3 Rfe8 24. Bxf7+ 1-0

[Event "Torneo Internazionale"]
[Site "Nuoro ITA"]
[Date "1984.12.??"]
[Round "8"]
[White "Klaric, Zlatko"]
[Black "Johansen, Darryl Keith"]
[WhiteElo "2460"]
[BlackElo "2440"]
[Result "1/2-1/2"]
[PlyCount "26"]
[EventDate "1984.12.14"]

1. d4 Nf6 2. c3 g6 3. Bg5 Bg7 4. Nd2 d6 5. Ngf3 O-O 6. e3 Nbd7 7. Bd3 h6 8. Bh4
b6 9. O-O Bb7 10. a4 a5 11. Re1 e5 12. e4 Re8 13. Qc2 Qe7 1/2-1/2

[Event "Torneo Internazionale"]
[Site "Nuoro ITA"]
[Date "1984.12.??"]
[Round "8"]
[White "Lanzani, Mario"]
[Black "Martinovic, Slobodan"]
[WhiteElo "2420"]
[BlackElo "2415"]
[Result "1/2-1/2"]
[PlyCount "74"]
[EventDate "1984.12.14"]

1. d4 Nf6 2. c4 c5 3. d5 d6 4. Nc3 g6 5. e4 Bg7 6. f3 O-O 7. Bg5 e6 8. Qd2 exd5
9. cxd5 a6 10. a4 Qa5 11. Nb1 Qc7 12. Na3 b5 13. axb5 axb5 14. Bxb5 Qb6 15. Rb1
Ba6 16. Qd3 Nbd7 17. Bxa6 Rxa6 18. Nc4 Qb5 19. Ne2 Rb8 20. O-O Ne8 21. Bd2 Ra4
22. b3 Ra3 23. Nc3 Bxc3 24. Qxc3 Rxb3 25. Rxb3 Qxb3 26. Qxb3 Rxb3 27. Bf4 f5
28. exf5 gxf5 29. Rd1 Nb6 30. Nxd6 Nxd6 31. Bxd6 c4 32. Bf4 Rd3 33. Rxd3 cxd3
34. d6 Kf7 35. Kf2 Nc4 36. g4 fxg4 37. fxg4 Ke6 1/2-1/2

[Event "Torneo Internazionale"]
[Site "Nuoro ITA"]
[Date "1984.12.??"]
[Round "8"]
[White "Rogers, Ian"]
[Black "Cocozza, Mario"]
[WhiteElo "2475"]
[BlackElo "2365"]
[Result "1/2-1/2"]
[PlyCount "81"]
[EventDate "1984.12.14"]

1. d4 Nf6 2. c4 g6 3. Nc3 d5 4. Nf3 Bg7 5. Bf4 O-O 6. Rc1 dxc4 7. e3 c5 8. dxc5
Qa5 9. Nd2 Nc6 10. Bxc4 Qxc5 11. h3 a6 12. a3 Qa7 13. Ba2 Rd8 14. Qe2 Bf5 15.
e4 Nd4 16. Qe3 Be6 17. Bxe6 Nxe6 18. Qxa7 Rxa7 19. Be3 Raa8 20. Nb3 Nd7 21. Ke2
Rac8 22. Rhd1 Bxc3 23. Rxc3 Rxc3 24. bxc3 Ne5 25. Rxd8+ Nxd8 26. a4 Kf8 27. Bb6
Ke8 28. f4 Nc4 29. Bxd8 Kxd8 30. Nc5 Kc7 31. Kd3 Na5 32. e5 Nc6 33. g4 Nd8 34.
f5 Kc6 35. Kc4 g5 36. Nb3 b6 37. Nd4+ Kd7 38. Kd5 e6+ 39. Ke4 Nb7 40. Nb3 h6
41. fxe6+ 1/2-1/2

[Event "Torneo Internazionale"]
[Site "Nuoro ITA"]
[Date "1984.12.??"]
[Round "9"]
[White "Ivkov, Borislav"]
[Black "Lanzani, Mario"]
[WhiteElo "2475"]
[BlackElo "2420"]
[Result "1-0"]
[PlyCount "45"]
[EventDate "1984.12.14"]

1. Nf3 c5 2. c4 Nc6 3. e3 Nf6 4. Nc3 d5 5. cxd5 Nxd5 6. Bb5 Ndb4 7. a3 Nd3+ 8.
Ke2 Bf5 9. e4 Nf4+ 10. Kf1 Bg4 11. d4 cxd4 12. Qxd4 Ng6 13. Be3 Bxf3 14. Qxd8+
Kxd8 15. gxf3 e6 16. f4 Bd6 17. e5 Be7 18. Rc1 Nh4 19. Ke2 Nf5 20. Rhd1+ Kc7
21. Bxc6 Nxe3 22. Rd7+ Kxc6 23. Rxe7 1-0

[Event "Torneo Internazionale"]
[Site "Nuoro ITA"]
[Date "1984.12.??"]
[Round "9"]
[White "Johansen, Darryl Keith"]
[Black "Toth, Bela"]
[WhiteElo "2440"]
[BlackElo "2410"]
[Result "0-1"]
[PlyCount "80"]
[EventDate "1984.12.14"]

1. d4 Nf6 2. Nf3 e6 3. c4 d5 4. Nc3 Nbd7 5. cxd5 exd5 6. Bf4 c6 7. Qc2 Be7 8.
e3 Nf8 9. h3 Ng6 10. Bh2 O-O 11. O-O-O a5 12. Ne5 a4 13. a3 Qa5 14. f4 Re8 15.
Bd3 Nf8 16. g4 N6d7 17. g5 Nxe5 18. fxe5 b5 19. Rhg1 g6 20. h4 b4 21. axb4 Bxb4
22. Na2 a3 23. b3 Be6 24. Bg3 c5 25. Nxb4 Qxb4 26. Be1 Qb8 27. Bc3 cxd4 28.
exd4 Rc8 29. Kd2 Qb6 30. Rc1 Bd7 31. Ke3 Bb5 32. Rgd1 Ne6 33. Bxb5 Qxb5 34. Rd3
Rc7 35. Qd2 Rac8 36. Ra1 Qxb3 37. Bb4 Qb2 38. Raxa3 Rc2 39. Rac3 R8xc3 40. Rxc3
Rxd2 0-1

[Event "Torneo Internazionale"]
[Site "Nuoro ITA"]
[Date "1984.12.??"]
[Round "9"]
[White "Martinovic, Slobodan"]
[Black "Rogers, Ian"]
[WhiteElo "2415"]
[BlackElo "2475"]
[Result "0-1"]
[PlyCount "110"]
[EventDate "1984.12.14"]

1. e4 e6 2. d3 d5 3. Nd2 c5 4. Ngf3 Nc6 5. g3 Nf6 6. Bg2 Be7 7. O-O b6 8. Re1
Bb7 9. c3 Qc7 10. a3 a6 11. Qe2 b5 12. b3 d4 13. cxd4 cxd4 14. Bb2 e5 15. Rec1
Nd7 16. Rc2 O-O 17. Rac1 Qd6 18. Bh3 Bf6 19. Ne1 g6 20. f4 Bg7 21. Ng2 f5 22.
exf5 gxf5 23. Nh4 Ne7 24. Rc7 Rab8 25. Ne4 fxe4 26. Rxd7 exd3 27. Qxd3 e4 28.
Rxd6 exd3 29. Bxd4 Bxd4+ 30. Rxd4 Rfd8 31. Rxd8+ Rxd8 32. Bg2 Bxg2 33. Nxg2 Nd5
34. Kf2 d2 35. Rf1 Nc3 36. Ne3 d1=Q 37. Nxd1 Nxd1+ 38. Kf3 Nc3 39. Re1 Kf7 40.
Re5 Rd3+ 41. Re3 Rxe3+ 42. Kxe3 Nb1 43. a4 bxa4 44. bxa4 Nc3 45. a5 Nb5 46. f5
Nd6 47. g4 Nc4+ 48. Ke4 Nxa5 49. g5 Nb7 50. Kd5 a5 51. f6 a4 52. Kc4 Nd6+ 53.
Kb4 Nf5 54. Kxa4 Nh4 55. Kb5 Nf3 0-1